| 000 | 00400nam a22001697a 4500 | ||
|---|---|---|---|
| 003 | MPLRDC | ||
| 005 | 20220104143227.0 | ||
| 008 | 210129b ||||| |||| 00| 0 eng d | ||
| 020 | _a7-5616-0077-1 | ||
| 082 | _a528.956 LZP | ||
| 100 | _a李振博等编著 | ||
| 245 |
_a乒乓球 _c |
||
| 260 |
_a _b成都科技大学出版社 _c1987 |
||
| 300 | _b平 | ||
| 650 | _a | ||
| 942 |
_cBK _o528.956 LZP |
||
| 999 |
_c37847 _d37837 |
||